| 000 | 00528 a2200205 4500 | ||
|---|---|---|---|
| 003 | OSt | ||
| 005 | 20180116182923.0 | ||
| 008 | 161124b xxu||||| |||| 00| 0 eng d | ||
| 020 | _a0 | ||
| 040 | _c0 | ||
| 082 | _a303.4 NOR 1999 | ||
| 100 | _aNorthbourne,Lord. | ||
| 245 |
_aLooking Back on Progress. _cLord Northbourne. |
||
| 250 | _a1st. | ||
| 260 |
_aLahore. _bSuhail Academy. _c1999. |
||
| 300 |
_a122p. _bHB. |
||
| 440 | _aLooking Back on Progress. | ||
| 500 | _aHard cover. | ||
| 942 |
_aNBS _cBK _k303.4 NOR 1999 _2ddc |
||
| 999 |
_c348530 _d348530 |
||